000 00961nam a2200289 i 4500
001 bg
100 1 _aHemgren, Per
_d(1945- ).
245 1 0 _aABC domu /
_cPer Hemgren, Henrik Wannfors ; [tł. ze szw. Joanna Kozłowska et al.].
246 1 _iTyt. oryg.:
_aHusets ABC
260 _aWarszawa :
_bWydawnictwo "Arkady",
_c2007.
300 _a383, [1] s. :
_bil. kolor. ;
_c28 cm.
500 _aNa okł. podtyt.: konstrukcje i materiały, modernizacja, renowacja, wyposażenie.
650 9 _aBudownictwo jednorodzinne
655 _aPoradniki
700 1 _aWannfors, Henrik
_d(1944- ).
700 1 _aKozłowska, Joanna.
_eTł.
015 _aPB 18757/2007
020 _a9788321344584
040 _cBPK
041 1 _apol
_hswe
044 _aPOL
080 _a69::728.3(083.1)
920 _a978-83-213-4458-4 :
_czł 69
942 _cKS
008 070827s2007 pl a |000 0 pol
999 _c54963
_d54963
856 _uhttp://koha.tu.koszalin.pl/cgi-bin/koha/opac-detail.pl?biblionumber=54963
_yKatalog online BPK